Zgadnij Polskie miasto po podpowiedźiach - Statystyki

Ogólne statystyki
  • Ten quiz został rozwiązany 32 razy
  • Średni wynik to 5 z 8
Statystyki odpowiedzi
Hint Odpowiedź % Poprawnych
Duże miasto nad morzem, Jest w Trójmieście, Zaczyna się na literę S Sopot
96%
Duże miasto nad jeziorem Ełckim Ełk
89%
Miasto nad morzem, to miasto jest w grze Polish Car Driving na Roblox, zaczyna się na literę D Darłowo
75%
Miasto przy granicy z Czechami i Niemcami, Zaczyna się na literę B Bogatynia
54%
Małe miasto, Zaczyna się na literę B, Blisko Tych, Te miasto ma swójpowiat Bieruń
43%
Małe miasto, W górach, Małopolska, Blisko Granicy ze Słowacją, Dwuczłonowa nazwa zaczynająca się na literę K Krynica-Zdrój
39%
Z tego miasta pochodzi streamer Natan Zgorzyk, Województwo Łódzkie Sieradz
32%
Podlaskie Miasto, Zdjęcie tego quizu jest zrobione w tym mieście, Zaczyna się na literę S Supraśl
29%
Nie znaleziono quizów pasujących do podanych kryteriów
Rozkład punktacji
Procent ludzi z każdym wynikiem
Percentyl według liczby udzielonych odpowiedzi
Twoja historia wyników
Nie rozwiązałeś tego quizu